|
|
|
|
| LEADER |
00658 a2200205 4500 |
| 005 |
20151026133245.0 |
| 008 |
140926b xxu||||| |||| 00| 0 eng d |
| 020 |
|
|
|a 9781466518469
|
| 080 |
|
|
|a 544
|b FOU
|
| 100 |
|
|
|a Foulkes, Fank R
|
| 245 |
|
|
|a Physical chemistry for engineering and applied sciences
|
| 260 |
|
|
|b CRC Press
|c 2013
|a Boca Raton
|
| 300 |
|
|
|a various pagination
|
| 653 |
|
|
|a Kinetic theory of gases
|
| 653 |
|
|
|a Real gases
|
| 653 |
|
|
|a Thermodynamics
|
| 653 |
|
|
|a Physical chemistry
|
| 942 |
|
|
|c BK
|6 _
|
| 999 |
|
|
|c 66527
|d 66527
|
| 952 |
|
|
|0 0
|1 0
|2 udc
|4 0
|6 544_FOU
|7 0
|9 78848
|a UL
|b UL
|d 2013-03-11
|g 0.00
|o 544 FOU
|p 00069849
|r 2013-03-11
|v 0.00
|w 2013-03-11
|y BK
|